000
00307pab a2200121 454500
008
180718b xxu||||| |||| 00| 0 eng d
100
_a
Simha, S.L.N.
245
_a
Towards a more efficient democracy
650
_a
Democracy
650
_a
Politics and Government
773
_a
Financial Express
909
_a
23502
999
_c
23502
_d
23502